000 01219nam a22002297a 4500
008 100708s1998 ua|||||r|||| 00| 0 ara d
020 _a9772820471
082 _222
_a382.30973
_bت ا ي
100 _916079
_aتايسون، لوريا داندريا
245 _aمن يسحق من؟ :
_bالصراع التجاري في صناعات التكنولوجيا العالية /
_cتأليف لورا داندريا تايسون؛ ترجمة عبد الحميد محبوب
260 _aالقاهرة :
_bالدار الدولية للنشر والتوزيع ،1998
_c1998
300 _a445ص :
_b ؛ايض
_c23سم
504 _aببليوجرافية: ص 427-445
541 _aألف باء ؛
_cشراء ؛
650 _916282
_aالمنافسة
650 _916283
_aالشركات
651 _916281
_aالولايات المتحدة الأمريكية
_xالتجارة
700 _916083
_aمحجوب، عبد الحميد
_eترجمة
700 _916084
_aحكيم، فايزة
_eمراجعة
942 _2ddc
_cBB
999 _c14441
_d14441